000
00214nam a2200085Ia 4500
245
0
_a
Nelson Mandela
100
_a
LIMB, Peter Mumbia, 2009
_9
85885
942
_c
BK
008
210817s9999 xx 000 0 und d
999
_c
323542
_d
323542